[Event "Marmaris Karya 11th"]
[Site "Marmaris"]
[Date "2019.10.23"]
[Round "10.5"]
[White "Semiev, Suhrab"]
[Black "Angun, Batu"]
[Result "1/2-1/2"]
[WhiteElo "2290"]
[BlackElo "2165"]
[PlyCount "64"]
[EventDate "2019.10.19"]
[EventType "schev"]
[EventRounds "10"]
[EventCountry "TUR"]
[SourceTitle "CBM 192 Extra"]
[Source "Chessbase"]
[SourceDate "2019.11.06"]
[SourceVersion "1"]
[SourceVersionDate "2019.11.06"]
[SourceQuality "1"]
[WhiteTeam "Blue Team"]
[BlackTeam "Red Team"]
[WhiteTeamCountry "TUR"]
[BlackTeamCountry "TUR"]

1. e4 c5 2. Nf3 d6 3. Bb5+ Bd7 4. Bxd7+ Nxd7 5. 0-0 Ngf6 6. Re1 g6 7. c3 Bg7 8. d4 cxd4 9. cxd4 0-0 10. Nc3 Nb6 11. b3 Rc8 12. Bb2 Qd7 13. h3 Rc7 14. e5 Nfd5 15. Ne4 Rfc8 16. Rc1 Rxc1 17. Bxc1 dxe5 18. Nxe5 Qc7 19. Nc5 e6 20. Ba3 Rd8 21. Qf3 Nc8 22. Rc1 Bxe5 23. dxe5 Qxe5 24. Nxb7 Re8 25. Nc5 Nce7 26. Nd3 Qf5 27. Qxf5 Nxf5 28. Ne5 Nd4 29. Kf1 Nb5 30. Bb2 Nd6 31. Ba3 Nb5 32. Bb2 Nd6 1/2-1/2

[Event "Marmaris Karya 11th"]
[Site "Marmaris"]
[Date "2019.10.22"]
[Round "8.2"]
[White "Semiev, Suhrab"]
[Black "Sahin, Ozgun"]
[Result "1/2-1/2"]
[WhiteElo "2290"]
[BlackElo "2224"]
[PlyCount "65"]
[EventDate "2019.10.19"]
[EventType "schev"]
[EventRounds "10"]
[EventCountry "TUR"]
[SourceTitle "CBM 192 Extra"]
[Source "Chessbase"]
[SourceDate "2019.11.06"]
[SourceVersion "1"]
[SourceVersionDate "2019.11.06"]
[SourceQuality "1"]
[WhiteTeam "Blue Team"]
[BlackTeam "Red Team"]
[WhiteTeamCountry "TUR"]
[BlackTeamCountry "TUR"]

1. d4 d5 2. Nf3 Nf6 3. g3 c5 4. e3 Nc6 5. Bg2 Bg4 6. h3 Bh5 7. 0-0 e6 8. c4 cxd4 9. exd4 Be7 10. cxd5 Nxd5 11. Nc3 Bf6 12. Nxd5 Qxd5 13. g4 Bg6 14. Re1 0-0 15. Ne5 Qxd4 16. Nxg6 hxg6 17. Be3 Qxb2 18. Rb1 Qxa2 19. Rxb7 Rad8 20. Qb1 Qxb1 21. Rexb1 Rc8 22. Bxc6 Rxc6 23. Rxa7 Be5 24. Rbb7 Bb8 25. Ra4 Bd6 26. Kg2 Bc5 27. Rc4 Rfc8 28. Bxc5 Rxc5 29. Rxc5 Rxc5 30. Rb8+ Kh7 31. Rb7 Kg8 32. Rb8+ Kh7 33. Rb7 1/2-1/2

[Event "Marmaris Karya 11th"]
[Site "Marmaris"]
[Date "2019.10.21"]
[Round "5.5"]
[White "Angun, Batu"]
[Black "Semiev, Suhrab"]
[Result "1/2-1/2"]
[WhiteElo "2165"]
[BlackElo "2290"]
[PlyCount "44"]
[EventDate "2019.10.19"]
[EventType "schev"]
[EventRounds "10"]
[EventCountry "TUR"]
[SourceTitle "CBM 192 Extra"]
[Source "Chessbase"]
[SourceDate "2019.11.06"]
[SourceVersion "1"]
[SourceVersionDate "2019.11.06"]
[SourceQuality "1"]
[WhiteTeam "Red Team"]
[BlackTeam "Blue Team"]
[WhiteTeamCountry "TUR"]
[BlackTeamCountry "TUR"]

1. d4 g6 2. Nf3 Bg7 3. c4 d6 4. Nc3 Bg4 5. e3 Nd7 6. Be2 c6 7. h3 Bxf3 8. Bxf3 Ngf6 9. 0-0 0-0 10. b3 Re8 11. Ba3 a5 12. Qd2 Qc7 13. Rfd1 Bf8 14. d5 Bg7 15. Rac1 Rad8 16. Qe1 Ra8 17. Qd2 Red8 18. Qe1 Ne5 19. Be2 Ned7 20. Bf3 Ne5 21. Be2 Ned7 22. Bf3 Ne5 1/2-1/2

[Event "TUR-chT 2nd League"]
[Site "Konya"]
[Date "2019.07.25"]
[Round "6.8"]
[White "Uzunoglu, Efe Kerem"]
[Black "Semiev, Suhrab"]
[Result "0-1"]
[WhiteElo "2102"]
[BlackElo "2282"]
[PlyCount "96"]
[EventDate "2019.07.22"]
[EventType "team-swiss"]
[EventRounds "9"]
[EventCountry "TUR"]
[SourceTitle "CBM 191 Extra"]
[Source "ChessBase"]
[SourceDate "2019.09.30"]
[SourceVersion "1"]
[SourceVersionDate "2019.09.30"]
[SourceQuality "1"]
[WhiteTeam "Calli Spor"]
[BlackTeam "Istanbul Sisli"]
[WhiteTeamCountry "TUR"]
[BlackTeamCountry "TUR"]

1. d4 g6 2. e4 Bg7 3. Nc3 c6 4. f4 d5 5. e5 h5 6. Nf3 Nh6 7. Bd3 Bg4 8. h3 Bxf3 9. Qxf3 e6 10. Be3 h4 11. 0-0-0 Bf8 12. Kb1 Nd7 13. Ne2 Nf5 14. c4 dxc4 15. Bxc4 Nb6 16. Bd3 Nd5 17. Bf2 Qb6 18. Ka1 0-0-0 19. Nc3 Qa5 20. Rc1 Nb4 21. d5 Rxd5 22. Be4 Nd4 23. Bxd4 Rxd4 24. Kb1 Kb8 25. a3 Nd5 26. Bxd5 cxd5 27. Rc2 Rc4 28. Rhc1 Be7 29. Ne2 Rxc2 30. Rxc2 Rc8 31. b4 Qb6 32. Rxc8+ Kxc8 33. Qc3+ Kd7 34. Qd4 Qxd4 35. Nxd4 a5 36. Nc2 axb4 37. axb4 Bf8 38. Nd4 Bxb4 39. Nf3 Be7 40. Kc2 Kc6 41. Kc3 Kc5 42. Nd2 b5 43. Nb3+ Kb6 44. Nd4 b4+ 45. Kd3 Bf8 46. Nf3 Bh6 47. Ke3 Kc5 48. Nxh4 Kc4 0-1

[Event "TUR-chT 2nd League"]
[Site "Konya"]
[Date "2019.07.24"]
[Round "4.5"]
[White "Semiev, Suhrab"]
[Black "Shanava, Konstantine"]
[Result "1-0"]
[WhiteElo "2282"]
[BlackElo "2538"]
[PlyCount "101"]
[EventDate "2019.07.22"]
[EventType "team-swiss"]
[EventRounds "9"]
[EventCountry "TUR"]
[SourceTitle "CBM 191 Extra"]
[Source "ChessBase"]
[SourceDate "2019.09.30"]
[SourceVersion "1"]
[SourceVersionDate "2019.09.30"]
[SourceQuality "1"]
[WhiteTeam "Istanbul Sisli"]
[BlackTeam "Seyhan Belediye"]
[WhiteTeamCountry "TUR"]
[BlackTeamCountry "TUR"]

1. d4 d6 2. e4 g6 3. Nc3 Bg7 4. Be3 c6 5. a4 Nf6 6. h3 Qa5 7. Bd3 Na6 8. Nf3 Nb4 9. 0-0 Nxd3 10. Qxd3 0-0 11. Qd2 Re8 12. Rfe1 Qc7 13. Bh6 Bh8 14. e5 dxe5 15. dxe5 Rd8 16. Qe3 Nd5 17. Nxd5 Rxd5 18. c4 Rd8 19. Ng5 Be6 20. Nxe6 fxe6 21. h4 c5 22. h5 Qc6 23. Qg5 Re8 24. Ra3 Bg7 25. Bxg7 Kxg7 26. hxg6 h6 27. Qh5 Qd7 28. Rf3 Rf8 29. Rf7+ Rxf7 30. gxf7 Rd8 31. f8Q+ Rxf8 32. Re3 Qe8 33. Rg3+ Kh7 34. Qg4 Qf7 35. Rf3 Qxf3 36. gxf3 Rg8 37. Kh2 Rxg4 38. fxg4 h5 39. f3 Kg6 40. a5 Kh6 41. Kh3 Kg5 42. Kg3 hxg4 43. fxg4 Kh6 44. Kh4 Kg6 45. g5 Kh7 46. Kh5 Kg7 47. g6 Kg8 48. Kh6 Kh8 49. b3 b6 50. a6 Kg8 51. g7 1-0

[Event "Troya op 26th"]
[Site "Canakkale"]
[Date "2018.08.06"]
[Round "1"]
[White "Duran, Esma Doga"]
[Black "Semiev, Suhrab"]
[Result "0-1"]
[WhiteElo "1919"]
[BlackElo "2285"]
[PlyCount "76"]
[EventDate "2018.08.06"]
[EventType "swiss"]
[EventRounds "9"]
[EventCountry "TUR"]
[SourceTitle "CBM 185 Extra"]
[Source "ChessBase"]
[SourceDate "2018.07.29"]
[SourceVersion "1"]
[SourceVersionDate "2018.07.29"]
[SourceQuality "1"]

1. d4 d5 2. c4 e5 3. dxe5 d4 4. Nf3 Nc6 5. g3 Nge7 6. Bg2 Ng6 7. Bg5 Qd7 8. 0-0 h6 9. Bf4 Nxf4 10. gxf4 g5 11. e3 dxe3 12. fxe3 Bc5 13. Qxd7+ Bxd7 14. Kh1 Bxe3 15. Nc3 Ne7 16. fxg5 hxg5 17. Ne4 Nf5 18. Nfxg5 Bxg5 19. Nxg5 Ng3+ 20. Kg1 Nxf1 21. Rxf1 Rh5 22. Ne4 0-0-0 23. Nc5 b6 24. Nxd7 Rxd7 25. Bc6 Re7 26. Bd5 Rg5+ 27. Kh1 Rgxe5 28. Bxf7 Re1 29. Rxe1 Rxe1+ 30. Kg2 Re2+ 31. Kg3 Rxb2 32. h4 Kd7 33. Kg4 Ke7 34. Bd5 Kf6 35. a3 Ra2 36. h5 Rxa3 37. Be4 Rc3 38. Bd5 a5 0-1

[Event "TUR-chT 2nd League"]
[Site "Konya"]
[Date "2018.07.20"]
[Round "7.13"]
[White "Gazioglu, Halit"]
[Black "Semiev, Suhrab"]
[Result "0-1"]
[WhiteElo "1902"]
[BlackElo "2260"]
[PlyCount "74"]
[EventDate "2018.07.16"]
[EventType "team-swiss"]
[EventRounds "9"]
[EventCountry "TUR"]
[SourceTitle "EXT 2019"]
[Source "ChessBase"]
[SourceDate "2018.10.10"]
[SourceVersion "1"]
[SourceVersionDate "2018.10.10"]
[SourceQuality "1"]
[WhiteTeam "Gaziantep Sader"]
[BlackTeam "Istanbul Sisli"]
[WhiteTeamCountry "TUR"]
[BlackTeamCountry "TUR"]

1. d4 b5 2. Nf3 Bb7 3. e3 a6 4. c4 bxc4 5. Bxc4 e6 6. Nc3 Nf6 7. 0-0 c5 8. Re1 d5 9. Bd3 Nbd7 10. b3 cxd4 11. exd4 Bb4 12. Bd2 Rc8 13. Rc1 0-0 14. Na4 Qe7 15. Bxb4 Qxb4 16. Qd2 a5 17. Qb2 h6 18. a3 Qd6 19. g3 Ne4 20. Bf1 Ba6 21. Bxa6 Qxa6 22. Ne5 Nxe5 23. dxe5 Qd3 24. Re3 Rxc1+ 25. Qxc1 Qd4 26. Kg2 Rb8 27. Qc2 Qxe5 28. f3 Qg5 29. Rd3 Nf6 30. Qc7 Ra8 31. Qc6 Re8 32. h4 Qe5 33. Nc3 Rb8 34. Nd1 Nh5 35. Re3 Qxg3+ 36. Kf1 Nf4 37. Qc5 Qxh4 0-1

[Event "TUR-chT 2nd League"]
[Site "Konya"]
[Date "2018.07.17"]
[Round "2.2"]
[White "Semiev, Suhrab"]
[Black "Stupak, Kirill"]
[Result "1/2-1/2"]
[WhiteElo "2260"]
[BlackElo "2575"]
[PlyCount "61"]
[EventDate "2018.07.16"]
[EventType "team-swiss"]
[EventRounds "9"]
[EventCountry "TUR"]
[SourceTitle "EXT 2019"]
[Source "ChessBase"]
[SourceDate "2018.10.10"]
[SourceVersion "1"]
[SourceVersionDate "2018.10.10"]
[SourceQuality "1"]
[WhiteTeam "Istanbul Sisli"]
[BlackTeam "Istanbul Moda"]
[WhiteTeamCountry "TUR"]
[BlackTeamCountry "TUR"]

1. d4 Nf6 2. g3 c5 3. d5 b5 4. Bg2 d6 5. e4 Bb7 6. Ne2 g6 7. b3 Bg7 8. Bb2 0-0 9. 0-0 Re8 10. a4 b4 11. Re1 Nbd7 12. Nd2 a5 13. c4 bxc3 14. Nxc3 Nb8 15. Bf1 Na6 16. Nc4 Nb4 17. Na2 e5 18. Nxb4 cxb4 19. Bc1 Ba6 20. f3 Bf8 21. Be3 Nd7 22. Rc1 Be7 23. Qd2 Bxc4 24. Bxc4 Nc5 25. Bxc5 dxc5 26. Rcd1 Qd6 27. Kg2 Bf6 28. Re2 Kg7 29. Ree1 Kg8 30. Re2 Kg7 31. Ree1 1/2-1/2

[Event "Budapest FS05 IM"]
[Site "Budapest"]
[Date "2016.05.17"]
[Round "9"]
[White "Semiev, Suhrab"]
[Black "Szeberenyi, Adam"]
[Result "1/2-1/2"]
[WhiteElo "2300"]
[BlackElo "2378"]
[PlyCount "20"]
[EventDate "2016.05.07"]
[EventType "tourn"]
[EventRounds "9"]
[EventCountry "HUN"]
[EventCategory "1"]
[SourceTitle "CBM 172 Extra"]
[Source "ChessBase"]
[SourceDate "2016.06.21"]
[SourceVersion "1"]
[SourceVersionDate "2016.06.21"]
[SourceQuality "1"]

1. d4 d5 2. Nf3 c6 3. g3 Nf6 4. Bg2 Bf5 5. 0-0 Nbd7 6. b3 e6 7. Bb2 Be7 8. Nbd2 0-0 9. Nh4 Ne4 10. Nxf5 exf5 1/2-1/2

[Event "Budapest FS05 IM"]
[Site "Budapest"]
[Date "2016.05.14"]
[Round "7"]
[White "Semiev, Suhrab"]
[Black "Lyell, Mark"]
[Result "1-0"]
[WhiteElo "2300"]
[BlackElo "2239"]
[PlyCount "39"]
[EventDate "2016.05.07"]
[EventType "tourn"]
[EventRounds "9"]
[EventCountry "HUN"]
[EventCategory "1"]
[SourceTitle "CBM 172 Extra"]
[Source "ChessBase"]
[SourceDate "2016.06.21"]
[SourceVersion "1"]
[SourceVersionDate "2016.06.21"]
[SourceQuality "1"]

1. d4 e6 2. Nf3 f5 3. Bf4 Nf6 4. e3 b6 5. h3 Bb7 6. Nbd2 Nc6 7. c3 Bd6 8. Bxd6 cxd6 9. Bd3 0-0 10. Qc2 Rc8 11. a3 Ne7 12. g4 Qc7 13. gxf5 Nxf5 14. Rg1 Bxf3 15. Nxf3 Qc6 16. Nh2 Nh4 17. 0-0-0 Nf3 18. d5 Nxd5 19. Bxh7+ Kh8 20. Qg6 1-0

[Event "Budapest FS05 IM"]
[Site "Budapest"]
[Date "2016.05.11"]
[Round "5"]
[White "Kakabayaev, Mergen"]
[Black "Semiev, Suhrab"]
[Result "1/2-1/2"]
[WhiteElo "2250"]
[BlackElo "2300"]
[PlyCount "20"]
[EventDate "2016.05.07"]
[EventType "tourn"]
[EventRounds "9"]
[EventCountry "HUN"]
[EventCategory "1"]
[SourceTitle "CBM 172 Extra"]
[Source "ChessBase"]
[SourceDate "2016.06.21"]
[SourceVersion "1"]
[SourceVersionDate "2016.06.21"]
[SourceQuality "1"]

1. e4 d6 2. d4 Nf6 3. Nc3 e5 4. dxe5 dxe5 5. Qxd8+ Kxd8 6. Bc4 Bb4 7. Bg5 Bxc3+ 8. bxc3 Ke7 9. Nf3 h6 10. Bxf6+ gxf6 1/2-1/2

[Event "Chigorin Memorial 23rd"]
[Site "St Petersburg"]
[Date "2015.10.11"]
[Round "9"]
[White "Semiev, Suhrab"]
[Black "Nikulina, Alena"]
[Result "1-0"]
[WhiteElo "2306"]
[BlackElo "2010"]
[PlyCount "85"]
[EventDate "2015.10.03"]
[EventType "swiss"]
[EventRounds "9"]
[EventCountry "RUS"]
[SourceTitle "CBM 168 Extra"]
[Source "ChessBase"]
[SourceDate "2015.10.29"]
[SourceVersion "1"]
[SourceVersionDate "2015.10.29"]
[SourceQuality "1"]

1. d4 c5 2. e3 e6 3. Nf3 Nf6 4. Bd3 d5 5. 0-0 Bd6 6. b3 Nc6 7. Bb2 0-0 8. a3 Qc7 9. Nbd2 e5 10. dxc5 Bxc5 11. b4 Bd6 12. e4 d4 13. Rc1 a6 14. c3 dxc3 15. Bxc3 Bg4 16. h3 Bh5 17. Qb3 Rad8 18. Nh4 Rfe8 19. Bb1 b5 20. Ndf3 Qb6 21. g4 Bg6 22. Nxg6 hxg6 23. Rfd1 Bb8 24. Ba2 Nxe4 25. Qxf7+ Kh7 26. Nh4 Nd4 27. Bxd4 exd4 28. Bb1 Qd6 29. Qxg6+ Qxg6 30. Nxg6 Kh6 31. Bxe4 Rxe4 32. Nh4 g6 33. Rc6 Rd6 34. Rxd6 Bxd6 35. Nf3 Re2 36. Rxd4 Be7 37. Rd2 Re6 38. Kg2 Rc6 39. Rd7 Re6 40. h4 Bf8 41. g5+ Kh5 42. Rh7+ Kg4 43. Nh2+ 1-0

[Event "Chigorin Memorial 23rd"]
[Site "St Petersburg"]
[Date "2015.10.08"]
[Round "6"]
[White "Baghdasaryan, Vahe"]
[Black "Semiev, Suhrab"]
[Result "1-0"]
[WhiteElo "2439"]
[BlackElo "2306"]
[PlyCount "151"]
[EventDate "2015.10.03"]
[EventType "swiss"]
[EventRounds "9"]
[EventCountry "RUS"]
[SourceTitle "CBM 168 Extra"]
[Source "ChessBase"]
[SourceDate "2015.10.29"]
[SourceVersion "1"]
[SourceVersionDate "2015.10.29"]
[SourceQuality "1"]

1. Nf3 d5 2. g3 Nc6 3. d4 Bg4 4. Bg2 Qd7 5. c4 0-0-0 6. Nc3 e6 7. c5 f6 8. b4 Nxb4 9. Rb1 Na6 10. Nd2 Ne7 11. 0-0 e5 12. Nc4 exd4 13. Na4 Nc6 14. Qb3 Ncb4 15. Na3 Qc6 16. Bd2 Bd7 17. Nb2 Bxc5 18. Nd3 Bf5 19. Nxc5 Bxb1 20. Nxa6 Nxa6 21. Rxb1 Nc5 22. Qb4 Ne6 23. Bh3 b6 24. Rc1 Qd7 25. Bf4 c6 26. Nb5 Kb7 27. Nxd4 Rhe8 28. Rxc6 Nxd4 29. Bxd7 Nxe2+ 30. Kf1 Rxd7 31. Qb5 Ree7 32. Rd6 Rxd6 33. Bxd6 Nc3 34. Qd3 Rd7 35. Bf4 Ne4 36. f3 Nc5 37. Qf5 d4 38. Bd2 h6 39. a4 Kc6 40. a5 Kb5 41. Qb1+ Kc6 42. Qa2 Kb5 43. h4 Rd6 44. h5 Rd7 45. Ke1 Rd6 46. Kd1 Rd7 47. g4 Rd6 48. Qb1+ Kc6 49. f4 Rd7 50. Qf5 Kb5 51. Qb1+ Kc6 52. axb6 axb6 53. Bb4 Re7 54. Qg6 Kb5 55. Ba3 Rd7 56. Qe8 Kc6 57. Qc8+ Rc7 58. Qa8+ Kb5 59. Qe8+ Kc4 60. Qd8 Rb7 61. Bb2 Rd7 62. Qe8 Kb5 63. Ke2 Kc4 64. Ba3 Ra7 65. Bxc5 bxc5 66. Qg8+ Kb5 67. Qb3+ Ka6 68. Kd3 Rb7 69. Qg8 Kb6 70. Kc4 Rc7 71. Qb8+ Kc6 72. Qb5+ Kd6 73. Qb6+ Kd7 74. Kd5 c4 75. Qe6+ Kd8 76. Kd6 1-0

[Event "Budapest FS07 GM"]
[Site "Budapest"]
[Date "2015.07.09"]
[Round "7"]
[White "Semiev, Suhrab"]
[Black "Varga, Zoltan"]
[Result "0-1"]
[WhiteElo "2313"]
[BlackElo "2454"]
[PlyCount "88"]
[EventDate "2015.07.04"]
[EventType "tourn"]
[EventRounds "13"]
[EventCountry "HUN"]
[EventCategory "7"]
[SourceTitle "CBM 167 Extra"]
[Source "ChessBase"]
[SourceDate "2015.09.14"]
[SourceVersion "1"]
[SourceVersionDate "2015.09.14"]
[SourceQuality "1"]

1. d4 d5 2. Nf3 c6 3. g3 Bg4 4. Bg2 Nf6 5. Ne5 Bh5 6. c4 e6 7. Nc3 Nfd7 8. cxd5 Nxe5 9. dxe5 cxd5 10. Qb3 Qd7 11. 0-0 Nc6 12. Bf4 Be7 13. Rad1 0-0 14. h4 Rac8 15. Qa4 Bb4 16. Rd2 Bxc3 17. bxc3 Nxe5 18. Qxd7 Nxd7 19. e4 Rxc3 20. exd5 e5 21. Be3 b6 22. d6 f5 23. Re1 Rfc8 24. f3 Bf7 25. Bf1 Bc4 26. Bh3 g6 27. Kf2 Be6 28. Bf1 Rc2 29. Ree2 Rc1 30. Re1 Rxe1 31. Kxe1 Rc1+ 32. Kf2 Bc4 33. Be2 Bxe2 34. Kxe2 Rc4 35. Kd3 Rc6 36. Ke2 Kf7 37. Bg5 Ke6 38. Be7 h5 39. Ke3 Rc3+ 40. Kf2 Nc5 41. Kg2 Rc4 42. Re2 Nb7 43. f4 e4 44. Rd2 Rc6 0-1

[Event "Budapest FS07 GM"]
[Site "Budapest"]
[Date "2015.07.08"]
[Round "6"]
[White "Nguyen, Huynh Minh Huy"]
[Black "Semiev, Suhrab"]
[Result "1-0"]
[WhiteElo "2504"]
[BlackElo "2313"]
[PlyCount "83"]
[EventDate "2015.07.04"]
[EventType "tourn"]
[EventRounds "13"]
[EventCountry "HUN"]
[EventCategory "7"]
[SourceTitle "CBM 167 Extra"]
[Source "ChessBase"]
[SourceDate "2015.09.14"]
[SourceVersion "1"]
[SourceVersionDate "2015.09.14"]
[SourceQuality "1"]

1. Nf3 d6 2. g3 e5 3. d3 f5 4. Bg2 Nf6 5. c4 g6 6. Nc3 Bg7 7. 0-0 0-0 8. Rb1 h6 9. b4 g5 10. b5 Qe8 11. Nd2 Nbd7 12. Ba3 Kh8 13. Nb3 Qe7 14. Qc2 Rb8 15. Na5 h5 16. Rbc1 h4 17. Nd5 Qd8 18. e3 Rf7 19. Qe2 Bf8 20. Bb2 g4 21. Nb3 Rh7 22. a4 Bg7 23. Rc2 c5 24. Nxf6 Qxf6 25. e4 Nf8 26. exf5 Bxf5 27. Nd2 Qh6 28. Be4 Bxe4 29. Nxe4 Rd8 30. Qxg4 Qe6 31. Qxe6 Nxe6 32. Re2 d5 33. Nd2 dxc4 34. Nxc4 Nd4 35. Bxd4 exd4 36. Rfe1 Bf6 37. Re8+ Rxe8 38. Rxe8+ Kg7 39. Ra8 h3 40. Rxa7 Kg6 41. a5 Re7 42. Kf1 1-0

[Event "Budapest FS07 GM"]
[Site "Budapest"]
[Date "2015.07.06"]
[Round "3"]
[White "Semiev, Suhrab"]
[Black "Mihok, Oliver"]
[Result "1-0"]
[WhiteElo "2313"]
[BlackElo "2493"]
[PlyCount "137"]
[EventDate "2015.07.04"]
[EventType "tourn"]
[EventRounds "13"]
[EventCountry "HUN"]
[EventCategory "7"]
[SourceTitle "CBM 167 Extra"]
[Source "ChessBase"]
[SourceDate "2015.09.14"]
[SourceVersion "1"]
[SourceVersionDate "2015.09.14"]
[SourceQuality "1"]

1. d4 d5 2. Nf3 Nf6 3. g3 c6 4. Bg2 Bf5 5. 0-0 e6 6. c4 Nbd7 7. Nc3 dxc4 8. Re1 Bg6 9. e4 Be7 10. a4 a5 11. Qe2 Nb6 12. Rd1 Bh5 13. h3 Bxf3 14. Bxf3 0-0 15. Be3 Re8 16. Bg2 Nfd7 17. f4 f5 18. Bf2 Bb4 19. Qc2 Bxc3 20. bxc3 fxe4 21. Bxe4 Nf6 22. Bg2 Nbd5 23. Re1 Qd6 24. Re2 Rab8 25. h4 b5 26. axb5 Rxb5 27. Bh3 Rb3 28. Be1 Rb5 29. Re5 Nd7 30. Rh5 Nf8 31. Re5 Nd7 32. Rh5 Nxf4 33. Qxh7+ Kf7 34. Rxb5 Nxh3+ 35. Kh2 cxb5 36. Qh5+ Kf8 37. Qh8+ Kf7 38. Qh5+ Ke7 39. Kxh3 Qd5 40. Qxd5 exd5 41. Rxa5 Kd6 42. Bd2 Kc6 43. Ra7 Re7 44. Bf4 Kb6 45. Rc7 Rf7 46. Bd6 b4 47. cxb4 Ne5 48. Rxf7 Nxf7 49. Bf4 Kb5 50. Kg4 c3 51. Kf5 Nd8 52. Ke5 Nc6+ 53. Kxd5 Nxb4+ 54. Ke4 Kc4 55. g4 c2 56. h5 Nd3 57. Bd2 Nb2 58. Kf3 Nd3 59. Ke3 Ne1 60. g5 Kd5 61. h6 gxh6 62. gxh6 Ng2+ 63. Kf3 Nh4+ 64. Kg4 Ng6 65. Kf5 Nf8 66. Kf6 Kxd4 67. Kf7 Nh7 68. Kg7 Kd3 69. Bc1 1-0

[Event "Budapest FS07 GM"]
[Site "Budapest"]
[Date "2015.07.04"]
[Round "1"]
[White "Semiev, Suhrab"]
[Black "Nguyen, Thai Dai Van"]
[Result "1/2-1/2"]
[WhiteElo "2313"]
[BlackElo "2349"]
[PlyCount "94"]
[EventDate "2015.07.04"]
[EventType "tourn"]
[EventRounds "13"]
[EventCountry "HUN"]
[EventCategory "7"]
[SourceTitle "CBM 167 Extra"]
[Source "ChessBase"]
[SourceDate "2015.09.14"]
[SourceVersion "1"]
[SourceVersionDate "2015.09.14"]
[SourceQuality "1"]

1. d4 Nf6 2. g3 d5 3. Nf3 e6 4. Bg2 c5 5. 0-0 Nc6 6. c4 dxc4 7. Qa4 cxd4 8. Nxd4 Qxd4 9. Bxc6+ Bd7 10. Rd1 Bxc6 11. Qxc6+ bxc6 12. Rxd4 Be7 13. Rxc4 c5 14. Nc3 Nd5 15. Ne4 0-0 16. b3 Nb6 17. Rc2 c4 18. bxc4 Rfc8 19. Nd2 Bb4 20. Kg2 h6 21. Rb1 Bxd2 22. Bxd2 Rxc4 23. Rxc4 Nxc4 24. Bc3 Rc8 25. Bd4 Nb6 26. Kf3 Rc6 27. Ke4 f6 28. Rb3 e5 29. Bxb6 axb6 30. Rb2 Rd6 31. Rc2 Kf7 32. Rc7+ Kg6 33. Ra7 Rd2 34. Ke3 Rb2 35. g4 h5 36. gxh5+ Kxh5 37. Rxg7 Rxa2 38. f3 Ra4 39. Kf2 Kh6 40. Rg8 b5 41. Kg3 b4 42. Rb8 Ra2 43. e4 Rb2 44. h4 Kg6 45. Kg4 Rg2+ 46. Kh3 Rb2 47. Kg4 Rg2+ 1/2-1/2

[Event "Moscow VAO IM 05"]
[Site "Moscow"]
[Date "2015.05.28"]
[Round "?"]
[White "Semiev, Suhrab"]
[Black "Erzhanov, Arman"]
[Result "1/2-1/2"]
[WhiteElo "2322"]
[BlackElo "2240"]
[PlyCount "32"]
[EventDate "2015.05.28"]
[EventType "tourn"]
[EventRounds "9"]
[EventCountry "RUS"]
[SourceTitle "EXT 2016"]
[Source "ChessBase"]
[SourceDate "2015.10.08"]
[SourceVersion "1"]
[SourceVersionDate "2015.10.08"]
[SourceQuality "1"]

1. d4 Nf6 2. c4 e6 3. Nf3 b6 4. g3 Bb7 5. Bg2 Be7 6. 0-0 0-0 7. Nc3 Ne4 8. Nxe4 Bxe4 9. Ne5 Bxg2 10. Kxg2 d6 11. Nd3 d5 12. cxd5 exd5 13. Nf4 c6 14. Qc2 Qd6 15. Bd2 Nd7 16. Rac1 Rac8 1/2-1/2